Administración
Shranjeno v:
| Glavni avtor: | |
|---|---|
| Format: | Knjiga |
| Jezik: | španščina |
| Izdano: |
Ciudad de México
McGraw-Hill
1989
|
| Izdaja: | 2a. ed |
| Teme: | |
| Oznake: |
Označite
Brez oznak, prvi označite!
|
MARC
| LEADER | 00000nam a2200000 a 4500 | ||
|---|---|---|---|
| 001 | UCV4624 | ||
| 003 | CL-VaPUC | ||
| 008 | 900709e19890000MX |||||||||||||||||spa|d | ||
| 082 | 0 | 4 | |a 658 |b HAM |2 21 |
| 100 | |a Hampton, David R |e author |9 413982 | ||
| 245 | 1 | 0 | |a Administración |
| 250 | |a 2a. ed | ||
| 300 | |a 791 p | ||
| 942 | |c BK | ||
| 945 | |d 19900709 00:00:00 |a mfernand | ||
| 260 | |a Ciudad de México |b McGraw-Hill |c 1989 | ||
| 650 | 0 | |a Administración |9 259325 | |
| 650 | 0 | |a Organización |9 256369 | |
| 650 | 7 | |a PLANIFICACION |2 CL-VaPUC |9 260802 | |
| 583 | |a last modification |c 20171031 14:12:31 |k Rodrigo Vera | ||
| 999 | |c 211350 |d 211348 | ||
| 952 | |0 0 |1 0 |4 0 |6 658_000000000000000_HAM_1989 |7 0 |8 A |9 190429 |a BIBENE |b BIBENE |d 2019-11-14 |i 258218K |o 658 HAM 1989 |p 258218K |r 2025-01-15 |w 2019-11-14 |y BK |k ICO | ||
| 952 | |0 0 |1 0 |4 0 |6 658_000000000000000_HAM_1989 |7 0 |8 A |9 190430 |a BIBENE |b BIBENE |d 2019-11-14 |i 2582198 |o 658 HAM 1989 |p 2582198 |r 2025-01-15 |w 2019-11-14 |y BK |k ICO | ||
| 952 | |0 0 |1 0 |4 0 |6 658_000000000000000_HAM_1989 |7 0 |8 A |9 190431 |a BIBENE |b BIBENE |d 2019-11-14 |i 2582201 |o 658 HAM 1989 |p 2582201 |r 2025-01-15 |w 2019-11-14 |y BK |k ICO | ||
| 952 | |0 0 |1 0 |4 0 |6 658_000000000000000_HAM_1989 |7 0 |8 A |9 190432 |a BIBENE |b BIBENE |d 2019-11-14 |i 258221K |o 658 HAM 1989 |p 258221K |r 2025-01-15 |w 2019-11-14 |y BK |k ICO | ||
| 952 | |0 0 |1 0 |4 0 |6 658_000000000000000_HAM_1989 |7 0 |8 A |9 190433 |a BIBEDU |b BIBEDU |d 2019-11-14 |i 2582228 |o 658 HAM 1989 |p 2582228 |r 2019-11-14 |w 2019-11-14 |y BK |k EDU | ||
| 952 | |0 0 |1 0 |4 0 |6 658_000000000000000_HAM_1989 |7 0 |8 A |9 190435 |a BIBENE |b BIBENE |d 2019-11-14 |i 2582244 |o 658 HAM 1989 |p 2582244 |r 2025-01-15 |w 2019-11-14 |y BK |k ICO | ||
| 952 | |0 0 |1 0 |4 0 |6 658_000000000000000_HAM_1989 |7 0 |8 A |9 190436 |a BIBING |b BIBING |d 2019-11-14 |i 2582287 |o 658 HAM 1989 |p 2582287 |r 2025-01-20 |w 2019-11-14 |y BK |k EII | ||
| 952 | |0 0 |1 0 |4 0 |6 658_000000000000000_HAM_1989 |7 0 |8 A |9 190437 |a BIBING |b BIBING |d 2019-11-14 |i 2582295 |o 658 HAM 1989 |p 2582295 |r 2025-01-20 |w 2019-11-14 |y BK |k TRA | ||
| 952 | |0 0 |1 0 |4 0 |6 658_000000000000000_HAM_1989 |7 0 |8 A |9 190438 |a BIBMEC |b BIBMEC |d 2019-11-14 |i 2582317 |o 658 HAM 1989 |p 2582317 |r 2024-01-19 |w 2019-11-14 |y BK |k MEC | ||
| 952 | |0 0 |1 0 |4 0 |6 658_000000000000000_HAM_1989 |7 0 |8 A |9 190439 |a BIBING |b BIBING |d 2019-11-14 |i 2973782 |o 658 HAM 1989 |p 2973782 |r 2025-01-20 |w 2019-11-14 |y BK |k EIE | ||
| 952 | |0 0 |1 0 |4 0 |6 658_000000000000000_HAM_1989 |7 0 |8 A |9 190440 |a BIBGIM |b BIBGIM |d 2019-11-14 |i 2993139 |o 658 HAM 1989 |p 2993139 |r 2025-01-15 |w 2019-11-14 |y BK |k COM | ||
| 952 | |0 0 |1 0 |4 0 |6 658_000000000000000_HAM_1989 |7 0 |8 A |9 190441 |a BIBGIM |b BIBGIM |d 2019-11-14 |i 2993155 |o 658 HAM 1989 |p 2993155 |r 2025-01-15 |w 2019-11-14 |y BK |k COM | ||
| 952 | |0 0 |1 0 |4 0 |6 658_000000000000000_HAM_1989 |7 0 |8 A |9 190442 |a BIBGIM |b BIBGIM |d 2019-11-14 |i 303349K |o 658 HAM 1989 |p 303349K |r 2025-01-15 |w 2019-11-14 |y BK |k COM | ||
| 952 | |0 0 |1 0 |4 0 |6 658_000000000000000_HAM_1989 |7 0 |8 A |9 190443 |a BIBGIM |b BIBGIM |d 2019-11-14 |i 3033503 |o 658 HAM 1989 |p 3033503 |r 2025-01-15 |w 2019-11-14 |y BK |k COM | ||
| 952 | |0 0 |1 0 |4 0 |6 658_000000000000000_HAM_1989 |7 0 |8 A |9 190444 |a BIBGIM |b BIBGIM |d 2019-11-14 |i 3033511 |o 658 HAM 1989 |p 3033511 |r 2025-01-15 |w 2019-11-14 |y BK |k COM | ||
| 952 | |0 0 |1 0 |4 0 |6 658_000000000000000_HAM_1989 |7 0 |8 A |9 190445 |a BIBGIM |b BIBGIM |d 2019-11-14 |i 303352K |o 658 HAM 1989 |p 303352K |r 2025-01-15 |w 2019-11-14 |y BK |k COM | ||
| 952 | |0 0 |1 0 |4 0 |6 658_000000000000000_HAM_1989 |7 0 |8 A |9 190446 |a BIBGIM |b BIBGIM |d 2019-11-14 |i 3033538 |o 658 HAM 1989 |p 3033538 |r 2025-01-15 |w 2019-11-14 |y BK |k COM | ||
| 952 | |0 0 |1 0 |4 0 |6 658_000000000000000_HAM_1989 |7 0 |8 A |9 190447 |a BIBGIM |b BIBGIM |d 2019-11-14 |i 3033546 |o 658 HAM 1989 |p 3033546 |r 2025-01-15 |w 2019-11-14 |y BK |k COM | ||
| 952 | |0 0 |1 0 |4 0 |6 658_000000000000000_HAM_1989 |7 0 |8 A |9 190448 |a BIBCUR |b BIBCUR |d 2019-11-14 |i 3071839 |o 658 HAM 1989 |p 3071839 |r 2025-04-22 |w 2019-11-14 |y BK |k PER | ||
| 952 | |0 0 |1 0 |4 0 |6 658_000000000000000_HAM_1989 |7 0 |8 A |9 190449 |a BIBEDU |b BIBEDU |d 2019-11-14 |i 3295311 |o 658 HAM 1989 |p 3295311 |r 2019-11-14 |w 2019-11-14 |y BK |k PSI | ||
| 952 | |0 0 |1 0 |4 0 |6 658_000000000000000_HAM_1989 |7 0 |8 A |9 190450 |a BIBGIM |b BIBGIM |d 2019-11-14 |i 1942360 |o 658 HAM 1989 |p 1942360 |r 2025-01-15 |w 2019-11-14 |y BK |k COM | ||
| 952 | |0 0 |1 0 |4 0 |6 658_000000000000000_HAM_1989 |7 0 |8 A |9 190451 |a BIBGIM |b BIBGIM |d 2019-11-14 |i 1942379 |o 658 HAM 1989 |p 1942379 |r 2025-01-15 |w 2019-11-14 |y BK |k COM | ||
| 952 | |0 0 |1 0 |4 0 |6 658_000000000000000_HAM_1989 |7 0 |8 A |9 190452 |a BIBEDU |b BIBEDU |d 2019-11-14 |i 3163881 |o 658 HAM 1989 |p 3163881 |r 2019-11-14 |w 2019-11-14 |y BK |k EDU | ||
| 952 | |0 0 |1 0 |4 0 |6 658_000000000000000_HAM_1989 |7 0 |8 A |9 190453 |a BIBING |b BIBING |d 2019-11-14 |i 4514955 |o 658 HAM 1989 |p 4514955 |r 2023-03-02 |w 2019-11-14 |y BK |k EII | ||